• 首页
  • 本馆介绍
  • 公告通知
  • 最新文献
  • 馆藏检索
  • 电子资源
  • 读者导购
  • 参考咨询
  • 我的图书馆
  • 登录
  • 详细信息显示
  • 放入我的书架
  • 预约/预借图书
  • 作者相关作品
  • 分类相关作品
  • 丛书相关作品
  • 出版社相关作品

书目信息

  • 表格格式
  • 工作单格式
  • 卡片格式
题名:
基于固件的DSP开发及虚拟实现
    
 
作者: 刘杰 著
分册:  
出版信息: 北京   北京航空航天大学出版社  2014
页数: 543页
开本: 24cm
丛书名:
单 册:
中图分类: TN911.72
科图分类:
主题词: 数字信号处理
电子资源:
ISBN: 978-7-5124-1425-9
000 00773nam0 2200229 450
001 012015000817
005 20150914104633.19
010    @a978-7-5124-1425-9@dCNY79.00
100    @a20140727d2014 em y0chiy0110 ea
101 0  @achi
102    @aCN@b110000
105    @ay z 000yy
106    @ar
200 1  @a基于固件的DSP开发及虚拟实现@Aji yu gu jian de dspkai fa ji xu ni shi xian@f刘杰著
210    @a北京@c北京航空航天大学出版社@d2014
215    @a543页@c图@d24cm
330    @a本书主要介绍Piccol02802xDSP固件库函数的变量定义、函数定义及其使用方法,包括与之相关的DSP各单元的运行机制、相关寄存器的意义及设置等。
606 0  @a数字信号处理
690    @aTN911.72@v5
701  0 @a刘杰@Aliu jie@4著
801  0 @aCN@b碧洲教育@c20150718
905    @a10447@f4@dTN911.72@e140
    
    基于固件的DSP开发及虚拟实现/刘杰著.-北京:北京航空航天大学出版社,2014
    543页:图;24cm
    
    
    ISBN 978-7-5124-1425-9:CNY79.00
    本书主要介绍Piccol02802xDSP固件库函数的变量定义、函数定义及其使用方法,包括与之相关的DSP各单元的运行机制、相关寄存器的意义及设置等。
●
相关链接 在E读中查询图书 在五车中查询图书 在当当中查询图书 在豆瓣中查询图书


正题名:基于固件的DSP开发及虚拟实现     索取号:TN911.72/140         预约/预借

序号 登录号 条形码 馆藏地/架位号 状态 备注
1 0847916   208479163   第二样本阅览室/ [索取号:TN911.72/140] 在馆    
2 0847917   208479172   密集书库—计算机科学学院/ [索取号:TN911.72/140] 在馆    
3 0847918   208479181   第三借阅区/ [索取号:TN911.72/140] 在馆    
4 0847919   208479190   第三借阅区/ [索取号:TN911.72/140] 在馆    
唐山师范学院图书馆 欢迎您!
大连网信软件有限公司© 版权所有